Speedcuberzy podróżnicy - Statystyki

Ogólne statystyki
  • Ten quiz został rozwiązany 119 razy
  • Średni wynik to 10 z 19
Statystyki odpowiedzi
Liczba krajów Speedcuber % Poprawnych
8 Tymon Kolasiński
93%
20 Kacper Paweł Dworak
83%
8 Przemysław Rogalski
75%
14 Michał Pleskowicz
68%
8 Karol Zakrzewski
64%
8 Michał Rzewuski
63%
10 Jakub Kipa
59%
9 Michał Halczuk
59%
12 Kamil Przybylski
51%
10 Tomasz Żołnowski
49%
8 Wojciech Knott
49%
15 Wojciech Szatanowski
49%
8 Jan Zych
47%
8 Michał Bogdan
47%
9 Grzegorz Łuczyna
42%
8 Dominik Górny
32%
8 Witali Bułatow
26%
8 Kamil Michalak
17%
8 Rafał Studnicki
1%
Nie znaleziono quizów pasujących do podanych kryteriów
Rozkład punktacji
Procent ludzi z każdym wynikiem
Percentyl według liczby udzielonych odpowiedzi
Twoja historia wyników
Nie rozwiązałeś tego quizu